Alternate sources of energy / (Record no. 5488)
[ view plain ]
| 000 -LEADER | |
|---|---|
| fixed length control field | 00618 a2200205 4500 |
| 010 ## - LCCN (DPL NO) | |
| LC control number | ENG-86879 |
| 020 ## - INTERNATIONAL STANDARD BOOK NUMBER | |
| Terms of availability | 350.00 |
| International Standard Book Number | 8171640656 |
| 035 ## - SYSTEM CONTROL NUMBER | |
| System control number | EN-70412 |
| 037 ## - SOURCE OF ACQUISITION | |
| Source of stock number/acquisition | DBAD / PUB |
| 082 14 - DEWEY DECIMAL CLASSIFICATION NUMBER | |
| Classification number | 333.790 |
| 100 1# - MAIN ENTRY--PERSONAL NAME | |
| Personal name | Rathore, N.S. |
| 245 1# - TITLE STATEMENT | |
| Title | Alternate sources of energy / |
| Statement of responsibility, etc | by N.S.Rathore, A.N. Mathur [and] S.Kothari |
| 260 ## - PUBLICATION, DISTRIBUTION, ETC. (IMPRINT) | |
| Place of publication, distribution, etc | New Delhi |
| Name of publisher, distributor, etc | DIPA, Indian Council of Agricultural Research (ICAR) |
| Date of publication, distribution, etc | 2007 |
| 270 ## - ADDRESS | |
| Address | ICAR |
| City | New Delhi |
| 300 ## - PHYSICAL DESCRIPTION | |
| Extent | vi, 269p |
| Dimensions | 25cm (Hb) |
| 500 ## - GENERAL NOTE | |
| General note | Includes index |
| 700 ## - ADDED ENTRY--PERSONAL NAME | |
| Personal name | Mathur, A.N. |
| 700 ## - ADDED ENTRY--PERSONAL NAME | |
| Personal name | Kothari, S. |
| 942 ## - ADDED ENTRY ELEMENTS (KOHA) | |
| Institution code [OBSOLETE] | dpl |
| Item type | English Books |
| Source of classification or shelving scheme | Dewey Decimal Classification |
| Classification part | 333.790 |
| Call number suffix | RAT |
| Withdrawn status | Lost status | Not for loan | Collection code | Home library | Current library | Source of acquisition | Cost, normal purchase price | Full call number | Barcode | Copy number | Cost, replacement price | Koha item type |
|---|---|---|---|---|---|---|---|---|---|---|---|---|
| Not For Loan | Non-fiction | D.B.Act.Division | D.B.Act.Division | DBAD/PUB | 350.00 | 333.790 RAT | EN-70412 | 1 | 350.00 | English Books |
